Enhancing the contribution of corporate real estate to corporate strategy (Record no. 78004)
[ view plain ]
| 000 -LEADER | |
|---|---|
| fixed length control field | 00884cab a2200217 4500 |
| 001 - CONTROL NUMBER | |
| control field | L135807 |
| 008 - FIXED-LENGTH DATA ELEMENTS--GENERAL INFORMATION | |
| fixed length control field | 061212n2006 000 0 eng u |
| 035 ## - SYSTEM CONTROL NUMBER | |
| System control number | (Sirsi) u135807 |
| 041 0# - LANGUAGE CODE | |
| Language code of text/sound track or separate title | eng |
| 100 1# - MAIN ENTRY--PERSONAL NAME | |
| Personal name | Scheffer, Johannes |
| 245 00 - TITLE STATEMENT | |
| Title | Enhancing the contribution of corporate real estate to corporate strategy |
| 260 ## - PUBLICATION, DISTRIBUTION, ETC. | |
| Date of publication, distribution, etc. | 2006 |
| 490 #0 - SERIES STATEMENT | |
| Series statement | Journal of Corporate Real Estate |
| Volume/sequential designation | 8(4) 2006, 188-197(9) |
| 520 ## - SUMMARY, ETC. | |
| Summary, etc. | Provides a tool for pinpointing and enhancing the contribution of corporate real estate to corporate strategy. Finds that senior managers and other stakeholders often lack sufficient insight into the impact of corporate real estate decisions on corporate performance. |
| 590 ## - LOCAL NOTE (RLIN) | |
| Local note | KA |
| 651 #4 - SUBJECT ADDED ENTRY--GEOGRAPHIC NAME | |
| Geographic name | International |
| 690 ## - LOCAL SUBJECT ADDED ENTRY--TOPICAL TERM (OCLC, RLIN) | |
| Topical term or geographic name as entry element | PROPERTY-COMMERCIAL PROPERTY-CORPORATE REAL ESTATE |
| 700 1# - ADDED ENTRY--PERSONAL NAME | |
| Personal name | Singer, Bastiaan |
| 700 1# - ADDED ENTRY--PERSONAL NAME | |
| Personal name | Van Meerwijk, Marc |
| 942 ## - ADDED ENTRY ELEMENTS (KOHA) | |
| Suppress in OPAC | 0 |
| Withdrawn status | Lost status | Source of classification or shelving scheme | Damaged status | Not for loan | Home library | Current library | Shelving location | Date acquired | Total Checkouts | Full call number | Barcode | Date last seen | Copy number | Price effective from | Koha item type |
|---|---|---|---|---|---|---|---|---|---|---|---|---|---|---|---|
| Dewey Decimal Classification | London | London | Journal article | 12/12/2006 | L135807 | 135807-1001 | 06/08/2019 | 1 | 06/08/2019 | Journal article |